000 01038nam a2200241 a 4500
001 000023014
005 20200930021931.0
008 101124s2000 mx a r 001 0 spa d
020 _a9684444184
040 _aDO-SdBNP
_bspa
_cBNPHU
041 1 7 _aspa
_heng
_2Código de idiomas MARC
082 _annnn
_bK39p
100 1 _aKernighan, Brian W.,
_d1942-
_947346
240 1 4 _aThe practice of programming.
_lEspañol.
245 1 3 _aLa práctica de la programación /
_cBrian W. Kernghan, Rob Pike ; traducción de Guillermo Levine Gutiérrez ; edición de José Luis Vázquez Chavarría.
260 _aMéxico :
_bPearson Educación,
_c2000.
300 _a266 p. :
_bil. ;
_c24 cm.
504 _aIncluye referencias bibliográficas y notas al pie de las páginas.
534 _pTítulo original en inglés:
_tThe practice of programming.
_cMassachusetts, E.U.A. : Addison Wesley Longman, 1999.
_z020161586x
700 1 _aLevine Gutiérrez, Guillermo,
_etr.
_943945
700 1 _aVázquez Chavarría, José Luis,
_eed.
_947347
049 _aBNGR
999 _c22511
_d22511